<?xml version="1.0" encoding="UTF-8"?><?xml-stylesheet type="text/xsl" href="static/style.xsl"?><OAI-PMH xmlns="http://www.openarchives.org/OAI/2.0/" xmlns:xsi="http://www.w3.org/2001/XMLSchema-instance" xsi:schemaLocation="http://www.openarchives.org/OAI/2.0/ http://www.openarchives.org/OAI/2.0/OAI-PMH.xsd"><responseDate>2026-04-17T20:00:33Z</responseDate><request verb="GetRecord" identifier="oai:www.recercat.cat:11351/11153" metadataPrefix="marc">https://recercat.cat/oai/request</request><GetRecord><record><header><identifier>oai:recercat.cat:11351/11153</identifier><datestamp>2025-10-24T10:27:00Z</datestamp><setSpec>com_2072_378070</setSpec><setSpec>com_2072_378040</setSpec><setSpec>col_2072_378092</setSpec></header><metadata><record xmlns="http://www.loc.gov/MARC21/slim" xmlns:dcterms="http://purl.org/dc/terms/" xmlns:xsi="http://www.w3.org/2001/XMLSchema-instance" xmlns:doc="http://www.lyncode.com/xoai" xsi:schemaLocation="http://www.loc.gov/MARC21/slim http://www.loc.gov/standards/marcxml/schema/MARC21slim.xsd">
   <leader>00925njm 22002777a 4500</leader>
   <datafield ind2=" " ind1=" " tag="042">
      <subfield code="a">dc</subfield>
   </datafield>
   <datafield ind2=" " ind1=" " tag="720">
      <subfield code="a">Cano-Jiménez, Esteban</subfield>
      <subfield code="e">author</subfield>
   </datafield>
   <datafield ind2=" " ind1=" " tag="720">
      <subfield code="a">Vélez-Segovia, Eduardo</subfield>
      <subfield code="e">author</subfield>
   </datafield>
   <datafield ind2=" " ind1=" " tag="720">
      <subfield code="a">Aburto, Myriam</subfield>
      <subfield code="e">author</subfield>
   </datafield>
   <datafield ind2=" " ind1=" " tag="720">
      <subfield code="a">Sellarés, Jacobo</subfield>
      <subfield code="e">author</subfield>
   </datafield>
   <datafield ind2=" " ind1=" " tag="720">
      <subfield code="a">Francesqui, Joel</subfield>
      <subfield code="e">author</subfield>
   </datafield>
   <datafield ind2=" " ind1=" " tag="720">
      <subfield code="a">Villar, Ana</subfield>
      <subfield code="e">author</subfield>
   </datafield>
   <datafield ind2=" " ind1=" " tag="260">
      <subfield code="c">2024-03-04T12:10:58Z</subfield>
   </datafield>
   <datafield ind2=" " ind1=" " tag="260">
      <subfield code="c">2024-03-04T12:10:58Z</subfield>
   </datafield>
   <datafield ind2=" " ind1=" " tag="260">
      <subfield code="c">2024-01-14</subfield>
   </datafield>
   <datafield ind2=" " ind1=" " tag="520">
      <subfield code="a">Factors pronòstics; Pneumonitis; Hipersensibilitat fibròtica progressiva</subfield>
   </datafield>
   <datafield ind2=" " ind1=" " tag="520">
      <subfield code="a">Factores pronósticos; Neumonitis; Hipersensibilidad fibrótica progresiva</subfield>
   </datafield>
   <datafield ind2=" " ind1=" " tag="520">
      <subfield code="a">Prognostic factors; Pneumonitis; Progressive fibrotic hypersensitivity</subfield>
   </datafield>
   <datafield ind2=" " ind1=" " tag="520">
      <subfield code="a">Background Fibrotic hypersensitivity pneumonitis (fHP) is an immune-mediated interstitial lung disease caused by sensitisation to chronic allergen inhalation. This study aimed to determine prognostic indicators of progression and mortality in fHP.&#xd;
Methods This was a retrospective, multicentre, observational, cross-sectional cohort study of consecutive patients diagnosed with fHP from 1 January 2012 to 31 December 2021. Multivariate Cox regression analyses were used to calculate hazard ratios (HRs) with 95% confidence intervals for predictors of progression and survival.&#xd;
Results A total of 403 patients were diagnosed with fHP: median (interquartile range) age 66.5 (14.0) years, 51.9% females and 55.1% never-smokers. The cause of fHP was mainly fungal (39.7%) or avian (41.4%). Lung biopsy was performed in 269 cases (66.7%). In the whole cohort the variables that were related to mortality or lung transplant were older age (HR 1.08; p&lt;0.001), percentage predicted forced vital capacity (HR 0.96; p=0.001), lymphocytosis in bronchoalveolar lavage (BAL) (HR 0.93; p=0.001), presence of acute exacerbation during follow-up (HR 3.04; p=0.001) and GAP (gender, age and lung physiology) index (HR 1.96; p&lt;0.01). In the group of biopsied patients, the presence of fibroblastic foci at biopsy (HR 8.39; p&lt;0.001) stands out in multivariate Cox regression analyses as a highly significant predictor for increased mortality or lung transplant. GAP index (HR 1.26; p=0.009), lymphocytosis in BAL (HR 0.97; p=0.018) and age (HR 1.03; p=0.018) are also predictors of progression.&#xd;
Conclusions The study identified several prognostic factors for progression and/or survival in fHP. The presence of fibroblastic foci at biopsy was a consistent predictor for increased mortality and the presence of lymphocytosis in BAL was inversely related to mortality.</subfield>
   </datafield>
   <datafield ind1="8" ind2=" " tag="024">
      <subfield code="a">http://hdl.handle.net/11351/11153</subfield>
   </datafield>
   <datafield tag="653" ind2=" " ind1=" ">
      <subfield code="a">Pneumonitis per hipersensibilitat - Prognosi</subfield>
   </datafield>
   <datafield tag="653" ind2=" " ind1=" ">
      <subfield code="a">Fibrosi pulmonar - Prognosi</subfield>
   </datafield>
   <datafield tag="653" ind2=" " ind1=" ">
      <subfield code="a">DISEASES::Respiratory Tract Diseases::Lung Diseases::Lung Diseases, Interstitial::Alveolitis, Extrinsic Allergic</subfield>
   </datafield>
   <datafield tag="653" ind2=" " ind1=" ">
      <subfield code="a">DISEASES::Respiratory Tract Diseases::Lung Diseases::Pulmonary Fibrosis</subfield>
   </datafield>
   <datafield tag="653" ind2=" " ind1=" ">
      <subfield code="a">ANALYTICAL, DIAGNOSTIC AND THERAPEUTIC TECHNIQUES, AND EQUIPMENT::Diagnosis::Prognosis</subfield>
   </datafield>
   <datafield tag="653" ind2=" " ind1=" ">
      <subfield code="a">ENFERMEDADES::enfermedades respiratorias::enfermedades pulmonares::enfermedades pulmonares intersticiales::alveolitis alérgica extrínseca</subfield>
   </datafield>
   <datafield tag="653" ind2=" " ind1=" ">
      <subfield code="a">ENFERMEDADES::enfermedades respiratorias::enfermedades pulmonares::fibrosis pulmonar</subfield>
   </datafield>
   <datafield tag="653" ind2=" " ind1=" ">
      <subfield code="a">TÉCNICAS Y EQUIPOS ANALÍTICOS, DIAGNÓSTICOS Y TERAPÉUTICOS::diagnóstico::pronóstico</subfield>
   </datafield>
   <datafield ind2="0" ind1="0" tag="245">
      <subfield code="a">Prognostic factors of progressive fibrotic hypersensitivity pneumonitis: a large, retrospective, multicentre, observational cohort study</subfield>
   </datafield>
</record></metadata></record></GetRecord></OAI-PMH>